हमारी सांस्कृतिक धरोहर / (Record no. 21787)
[ view plain ]
| 000 -LEADER | |
|---|---|
| fixed length control field | 00843nam a22002177a 4500 |
| 005 - DATE AND TIME OF LATEST TRANSACTION | |
| control field | 20170203123831.0 |
| 008 - FIXED-LENGTH DATA ELEMENTS--GENERAL INFORMATION | |
| fixed length control field | 090120t xxu||||| |||| 00| 0 hin d |
| 010 ## - LCCN (DPL NO) | |
| LC control number | A-652425 |
| 020 ## - INTERNATIONAL STANDARD BOOK NUMBER | |
| International Standard Book Number | 8173150435 |
| Terms of availability | 100.00 |
| 035 ## - SYSTEM CONTROL NUMBER | |
| System control number | A-652425 |
| 037 ## - SOURCE OF ACQUISITION | |
| Source of stock number/acquisition | DPL |
| 040 ## - CATALOGING SOURCE | |
| Original cataloging agency | DPL |
| 082 ## - DEWEY DECIMAL CLASSIFICATION NUMBER | |
| Classification number | 920 |
| Edition number | 1993 |
| 100 ## - MAIN ENTRY--PERSONAL NAME | |
| Personal name | शर्मा, शंकर दयाल |
| 245 ## - TITLE STATEMENT | |
| Title | हमारी सांस्कृतिक धरोहर / |
| Statement of responsibility, etc | शंकर दयाल शर्मा |
| 246 ## - VARYING FORM OF TITLE | |
| Title proper/short title | Hamaarii saanskritika dharohara |
| Remainder of title | by Shankar Dayal Sharma |
| 260 ## - PUBLICATION, DISTRIBUTION, ETC. (IMPRINT) | |
| Place of publication, distribution, etc | दिल्ली |
| Name of publisher, distributor, etc | प्रभात प्रकाशन |
| Date of publication, distribution, etc | 1993 |
| 270 ## - ADDRESS | |
| Address | चावडी बाजार |
| City | दिल्ली |
| Postal code | 10006 |
| 300 ## - PHYSICAL DESCRIPTION | |
| Extent | 127पृ. |
| Dimensions | 21सेमी (सजिल्द) |
| 942 ## - ADDED ENTRY ELEMENTS (KOHA) | |
| Source of classification or shelving scheme | Dewey Decimal Classification |
| Item type | Hindi Books |
| Call number suffix | शर्माशं |
| Classification part | 920 |
| Withdrawn status | Lost status | Source of classification or shelving scheme | Damaged status | Not for loan | Collection code | Home library | Current library | Date acquired | Source of acquisition | Cost, normal purchase price | Total Checkouts | Full call number | Barcode | Date last seen | Copy number | Cost, replacement price | Koha item type | Shelving location |
|---|---|---|---|---|---|---|---|---|---|---|---|---|---|---|---|---|---|---|
| Dewey Decimal Classification | Not For Loan | Non-fiction | D.B.Act.Division | D.B.Act.Division | 23/04/2009 | DBAD / PUB | 200.00 | 920 शर्माशं | HN-58785 | 23/04/2009 | 1 | 200.00 | Hindi Books | |||||
| Dewey Decimal Classification | Ordered | Non-fiction | Sarojini Nagar | Sarojini Nagar | 03/02/2017 | DPL | 100.00 | 920 शर्माशं | A-652425 | 03/02/2017 | 1 | 100.00 | Hindi Books | On Display | ||||
| Dewey Decimal Classification | Non-fiction | Sarojini Nagar | Sarojini Nagar | 16/10/2021 | 920 शर्माशं | A-652423 | 16/10/2021 | 100.00 | Hindi Books |
